[Event "40th Nezhmetdinov Memorial 2018"]
[Site "Kazan"]
[Date "2018.09.17"]
[Round "5"]
[White "Artemiev, Vladislav"]
[Black "Kokarev, Dmitry"]
[Result "1-0"]
[WhiteElo "2703"]
[BlackElo "2595"]
[Annotator "TA"]
[PlyCount "190"]
[EventDate "2018.09.11"]
[EventType "swiss"]
[EventCountry "RUS"]
[SourceTitle "playchess.com"]
[Source "ChessBase"]
[SourceQuality "1"]

{[%evp 18,190,-16,-18,15,8,55,53,60,52,60,60,56,60,54,60,71,39,79,72,63,52,65,3,5,0,0,0,31,47,61,42,40,29,37,38,35,41,29,18,18,12,14,17,17,17,17,17,30,26,17,26,32,12,45,23,46,11,65,21,18,6,16,0,4,4,4,4,4,4,4,4,76,76,76,76,76,76,76,0,67,67,112,112,112,112,112,84,112,112,112,112,112,112,112,112,112,0,0,0,0,0,64,64,64,40,64,49,64,0,64,0,0,0,64,64,64,1,64,64,64,64,64,64,64,0,0,0,0,0,0,0,0,0,0,0,0,0,0,0,0,0,0,0,0,0,0,0,0,0,0,0,0,0,0,0,0,0,35,21,29,29,36,0,36,36,37,0,0,0,0,0,0,0,0]} 1. e4 {Roiz,M} c5 2. Nf3 d6 3. Bc4 Nf6 4. Nc3 a6 5. a3 Nc6 6. d3 {B50: Sicilian: 2...d6, Miscellaneous} e6 7. Ba2 Be7 8. O-O O-O 9. Re1 b5 10. Ne2 {LiveBook: 3 Games} Nh5 $146 ({Predecessor:} 10... Bb7 11. Ng3 {0-1 (94) Aronian,L (2830)-Karjakin,S (2766) Khanty-Mansiysk 2014 CBM 160 [Roiz,M]}) 11. d4 cxd4 12. Nexd4 Nxd4 13. Nxd4 {[#] Threatens to win with Nc6.} Nf6 14. Nc6 Qc7 15. Nxe7+ Qxe7 16. Qd3 e5 17. c4 Rb8 18. cxb5 axb5 19. Bd2 Be6 20. Bb1 (20. Bxe6 $14 fxe6 21. Bb4) 20... Nd7 $11 21. Qg3 Nc5 22. Bc2 f5 23. exf5 Bxf5 24. Bxf5 Rxf5 25. Bb4 Rbf8 26. Bxc5 dxc5 27. Re2 c4 28. Rd1 Rd8 29. Red2 Rxd2 30. Rxd2 {[%mdl 4096] Endgame KQR-KQR} Rf6 31. h3 Rd6 $1 {[%cal Rd6d2]} 32. Re2 Rd5 33. Qg4 h6 34. a4 Qd7 35. Qe4 bxa4 (35... Rd4 $5 {[%cal Rd4e4]} 36. Qxe5 bxa4 $14) 36. Qxc4 Kh8 37. Qc3 Qf5 (37... Qd6 $11) 38. Re1 Kh7 39. g3 Rd4 40. h4 (40. Kg2 {seems wilder.} Qf6 41. Qc2+ Kg8 42. h4 Rb4 43. Re2) 40... Re4 41. Kg2 Rxe1 42. Qxe1 {KQ-KQ} e4 43. Qd1 Qb5 44. Qc2 Kh8 (44... Qf5 $11) 45. Qxe4 $16 Qxb2 46. Qxa4 Qe5 47. Qa8+ Kh7 48. f3 (48. Qc6 $16) 48... Qc5 (48... Qe2+ $11 49. Kh3 Qf1+ 50. Kg4 Qb5) 49. Qe4+ $14 Kh8 50. g4 Qd6 51. Qe8+ Kh7 52. Kh3 Qf6 53. Qe4+ Kh8 54. Qa8+ Kh7 55. Qb7 Qd6 56. Qe4+ Kh8 57. f4 (57. Qe8+ $16 Kh7 58. h5) 57... Qa3+ $11 58. Kg2 {Black must now prevent g5.} Qb2+ 59. Kg3 Qa3+ (59... Qc3+ $11 60. Qf3 Qd4) 60. Qf3 $14 Qd6 61. Qc3 Kg8 62. Qb3+ Kh8 63. Qc3 (63. Qe3 $14) 63... Kh7 ({Black should try} 63... Kg8 $11) 64. Qc4 (64. Qc2+ $14 Kg8 65. Qc8+ Kh7 66. Qc2+ Kg8 67. Qa2+ Kf8 68. Qa8+ Kf7 69. Qb7+ Kf8 70. Qc8+ Ke7 71. Qc3) 64... Qa3+ $11 65. Kg2 Qe7 ({Black should play} 65... Qa8+ $11 66. Kf2 Qa7+ 67. Kf1 Qd7) 66. Qd3+ $14 Kh8 67. Kh3 (67. g5 $1 $14) 67... Qc7 (67... Qe6 $11) 68. Qf3 Qd6 69. Qa8+ Kh7 70. Qe4+ Kh8 71. f5 (71. Qe3 $14) 71... Qa3+ $11 72. Kg2 {aiming for g5.} Qb2+ 73. Kg3 {[#] Hoping for g5.} Qc3+ 74. Qf3 Qe5+ 75. Kh3 {And now g5 would win.} (75. Kf2 {is more complex.} Qh2+ 76. Kf1 Qxh4 77. Qe4 Qg3 78. Qe8+) 75... Qe7 76. Qd3 Qf6 77. Qe3 Kh7 78. Qd3 Kh8 79. Qc4 Qe5 80. Qe6 Qf4 81. Qe2 (81. h5 {looks sharper.} Qf3+ 82. Kh4 Qf2+ 83. Kh3 Qf3+) 81... Kh7 82. Qd3 Kh8 83. Qg3 Qe4 84. Qf2 Qd3+ 85. Kg2 Qe4+ 86. Qf3 (86. Kh3 {seems wilder.}) 86... Qd4 87. Kh3 (87. Qe2 {is interesting.} Qd5+ 88. Kg3 Kh7 89. h5 Qd6+ 90. Kf3) 87... Qf6 88. Qa8+ Kh7 89. Qe4 Kh8 90. Kg3 Qc3+ 91. Kf4 Qd2+ 92. Qe3 Qh2+ {The position is equal.} 93. Qg3 Qd2+ 94. Ke5 Qd8 95. Qf2 Qe7+ {[%mdl 32768] Precision: White = 50%, Black = 66%. . Loss on Time!?} 1-0

[Event "40th Nezhmetdinov Memorial 2018"]
[Site "Kazan"]
[Date "2018.09.17"]
[Round "5"]
[White "Rozum, Ivan"]
[Black "Hasangatin, Ramil"]
[Result "1-0"]
[WhiteElo "2576"]
[BlackElo "2490"]
[Annotator "TA"]
[PlyCount "111"]
[EventDate "2018.09.11"]
[EventType "swiss"]
[EventCountry "RUS"]
[SourceTitle "playchess.com"]
[Source "ChessBase"]
[SourceQuality "1"]

{[%evp 15,111,52,45,38,59,60,92,96,106,101,116,53,68,85,189,183,178,177,187,203,200,195,308,163,163,163,156,147,141,134,375,135,177,177,183,127,121,131,147,142,121,122,160,163,165,164,208,203,207,199,226,227,218,218,224,183,260,182,237,207,199,199,213,191,216,213,212,206,227,227,220,220,257,263,254,254,314,314,314,314,401,300,279,270,239,228,437,408,411,412,519,506,672,710,889,842,1340,1174]} 1. e4 c5 2. Nf3 Nc6 3. d4 cxd4 4. Nxd4 e6 5. Nc3 Bb4 6. Nxc6 dxc6 7. Qxd8+ Kxd8 8. Bf4 Nf6 9. O-O-O+ {B45: Sicilian Four Knights} Ke8 {White should prevent ...Bxc3.} 10. f3 Nh5 11. Bc7 {White is better.} Bd7 12. h4 $146 ({Predecessor:} 12. a3 Bc5 13. b4 Rc8 14. bxc5 Rxc7 15. e5 Nf4 16. g3 Nd5 {0-1 (78) Kanovsky,D (2410)-Hasangatin,R (2476) Olomouc 2007}) 12... Bc5 13. Rd3 (13. Kb1 $16) 13... Rc8 14. Bh2 $1 {[#] aiming for e5.} f5 (14... Bf2 $16) 15. g4 $18 Nf6 16. Be2 Rf8 17. g5 Nh5 18. exf5 exf5 (18... Rxf5 {is a better defense.} 19. Rhd1 Rd8) 19. f4 (19. Na4 $142 Bf2 20. f4) 19... g6 20. Bxh5 $1 gxh5 21. Bg1 Bb4 22. Bxa7 {And now Re1+ would win.} Bxc3 $2 {[#]} (22... Be6 $16 23. a3 Bxc3) 23. Rxc3 $2 ({Weaker is} 23. bxc3 Be6 $18) (23. Bc5 $1 $18 {and the rest is easy.}) 23... Be6 24. Bc5 Rg8 25. Bb6 (25. Re1 $18 Kf7 26. b3) 25... Ra8 $16 26. a3 Kf7 27. Rd1 Ra4 28. Bc7 Rc8 29. Be5 Ra5 30. Rcd3 Rd5 31. Rxd5 cxd5 $18 {[%mdl 4096] Endgame KRB-KRB} 32. b3 b5 33. Rd4 Ra8 34. Kb2 Ke7 35. Rd2 Kd7 (35... Rc8 $142 36. Re2 Kd7) 36. Re2 Ra6 (36... Rc8 {was called for.} 37. Bf6 Kd6 38. Be5+ Kd7) 37. Bc3 Ra8 38. Bb4 Rc8 39. Re5 Rc6 40. Kc1 Rc8 41. Kd2 h6 42. Re2 hxg5 43. fxg5 f4 44. Rf2 Bf5 45. c3 ({Don't do} 45. Rxf4 $6 Rxc2+ 46. Kd1 Bg6 $16) 45... d4 46. Rxf4 dxc3+ 47. Bxc3 Ke6 48. Rb4 Rd8+ 49. Kc1 Rd3 50. Kb2 Rh3 $2 (50... Rd5 51. a4 bxa4 52. bxa4 Rd6) 51. Rxb5 {Re5+ is the strong threat.} Rh2+ 52. Ka1 Bd3 53. Rb6+ {White is clearly winning.} Kd5 54. g6 {[%cal Bg5g6,Bg6g7][%mdl 32]} Rxh4 55. g7 Rg4 56. Rb8 {Precision: White = 73%, Black = 36%.} 1-0

[Event "40th Nezhmetdinov Memorial 2018"]
[Site "Kazan"]
[Date "2018.09.17"]
[Round "5"]
[White "Bocharov, Ivan"]
[Black "Usmanov, Vasily"]
[Result "1/2-1/2"]
[WhiteElo "2565"]
[BlackElo "2470"]
[Annotator "TA"]
[PlyCount "81"]
[EventDate "2018.09.11"]
[EventType "swiss"]
[EventCountry "RUS"]
[SourceTitle "playchess.com"]
[Source "ChessBase"]
[SourceQuality "1"]

{[%evp 22,81,42,0,51,41,39,-28,-25,-102,42,-27,16,16,52,46,51,50,124,15,15,15,32,25,25,17,28,8,8,8,8,10,10,4,9,0,0,0,0,0,0,0,42,0,0,0,0,0,0,0,0,0,0,0,0,0,0,0,0,0,0,0]} 1. e4 e6 2. d4 d5 3. Nd2 c5 4. exd5 Qxd5 5. Ngf3 cxd4 6. Bc4 Qd6 7. O-O Nf6 8. Nb3 Nc6 9. Nbxd4 Nxd4 10. Nxd4 a6 11. Re1 Qc7 12. Bf1 {LiveBook: 68 Games. C07: French Tarrasch: 3...c5, 4 Ngf3 and 4 exd5 Qxd5} h6 $146 (12... Bd6 $11) ({Predecessor:} 12... Bd6 13. Nf5 Bxh2+ 14. Kh1 Kf8 15. Qd4 exf5 16. Qxf6 h6 17. Qd4 Bd6 18. Bd2 Be6 19. Bc3 Rh7 {0-1 (48) Karjakin,S (2781)-Caruana,F (2808) Paris 2017}) 13. g3 Bc5 14. Nf5 (14. Nb3 $14) 14... O-O $11 15. Nxg7 (15. Bf4 $11 Qb6 16. Ne3) 15... e5 ({Black should try} 15... Kxg7 $17 16. Bf4 Qe7) 16. Nf5 (16. Qf3 $1 $14 Ng4 17. Nf5 Bxf5 18. Qxf5 Bxf2+ 19. Kh1) 16... Bxf5 (16... Bxf2+ $5 17. Kxf2 Bxf5 $15) 17. Qf3 Ng4 18. Qxf5 Bxf2+ 19. Kh1 Qc6+ {[#]} (19... Qc8 $14 20. Qxc8 Rfxc8) 20. Bg2 (20. Re4 $1 $16 Nf6 21. Bg2 Nxe4 22. Bxe4) 20... Qg6 $1 {[%cal Rg6f5]} 21. Qxg6+ fxg6 22. Re2 {Strongly threatening h3.} Rad8 23. Bd2 {Hoping for h3.} Bd4 24. Bxb7 Bxb2 25. Rae1 Rxd2 $1 26. Rxd2 {[#] aiming for Rd6.} Bc3 27. Rde2 {Rb1 is the strong threat.} Rf2 $132 {[%mdl 2048] Black is not keeping still} 28. Kg1 Bxe1 29. Rxe1 {Threatens to win with Re4.} Rxc2 30. Bxa6 {[%mdl 4096] Endgame KRB-KRN} Kg7 31. a4 Rxh2 32. Re4 Rh1+ {The position is equal.} 33. Kxh1 Nf2+ 34. Kg2 Nxe4 {KB-KN} 35. a5 h5 36. Bb5 {And now a6 would win.} Nc5 $1 37. a6 Nxa6 $1 38. Bxa6 g5 39. Kh3 e4 40. Bb5 e3 41. g4 {Precision: White = 26%, Black = 56%.} 1/2-1/2

[Event "40th Nezhmetdinov Memorial 2018"]
[Site "Kazan"]
[Date "2018.09.17"]
[Round "5"]
[White "Bocharov, Dmitry"]
[Black "Gaifullin, Artur"]
[Result "1-0"]
[WhiteElo "2562"]
[BlackElo "2454"]
[Annotator "TA"]
[PlyCount "93"]
[EventDate "2018.09.11"]
[EventType "swiss"]
[EventCountry "RUS"]
[SourceTitle "playchess.com"]
[Source "ChessBase"]
[SourceQuality "1"]

{[%evp 23,93,29,30,0,0,-1,14,3,20,7,35,0,35,43,21,26,36,11,33,4,9,13,91,87,87,9,36,37,44,50,51,54,68,51,78,50,76,54,73,58,54,66,80,66,178,207,279,295,237,89,156,156,153,152,155,161,132,116,265,261,317,304,826,805,874,557,29981,29979,29983,29984,29984,29985]} 1. Nf3 d5 2. g3 Nf6 3. Bg2 e6 4. O-O c5 5. c4 d4 6. e3 Nc6 7. exd4 cxd4 8. d3 Bd6 {A13: English Opening: 1...e6} 9. Bg5 h6 10. Bxf6 Qxf6 11. Nbd2 Qe7 12. a3 a5 {LiveBook: 22 Games} 13. Rc1 O-O 14. Re1 a4 15. Ne4 Bc7 16. c5 {[#]} e5 $146 17. Nfd2 Bd7 18. Nc4 Na5 19. Ned6 Nxc4 20. Nxc4 Bc6 21. Bxc6 bxc6 22. f4 {[%cal Rc4e5]} Qxc5 (22... f6 $11) 23. Nxe5 $16 Qb5 24. Nc4 (24. Nxc6 $16 {aiming for Ne7+.} Bd6 25. Re2) 24... Qd5 25. Re7 Qd8 26. Qe2 Bd6 27. Re4 c5 28. Re1 $36 {[%mdl 2048] White has good play.} Rb8 29. Qf3 Qc7 30. R1e2 Rfd8 31. Kg2 Bf8 32. h4 {[%cal Bh2h4,Bh4g5][%mdl 32]} Qc6 33. g4 Qf6 (33... g6 $14) 34. g5 $18 hxg5 35. hxg5 Qf5 36. Kg3 (36. Re5 $18 Qg6 37. Qg3) 36... f6 ({Black should try} 36... Rb3) 37. Qg4 $16 Qxg4+ 38. Kxg4 fxg5 39. fxg5 {[%cal Bf4g5,Bg5g6][%mdl 32]} Rb3 {[#]} 40. Rd2 $1 Rb7 {[#]} (40... Bd6 $16) 41. g6 $1 $18 Be7 42. Rde2 Kf8 $2 (42... Bf8 43. Re8 Rxe8 44. Rxe8 Rb3) 43. Rh2 {[%cal Rh2h8]} Kg8 44. Re1 Bf6 {[#]} 45. Nd6 $1 {[%mdl 512] White mates.} Rb6 (45... Rxd6 46. Re8#) 46. Nf7 {[%csl Gf7][%cal Rh2h8]} Bh4 47. Kxh4 {Precision: White = 72%, Black = 27%.} 1-0

[Event "40th Nezhmetdinov Memorial 2018"]
[Site "Kazan"]
[Date "2018.09.17"]
[Round "5"]
[White "Volkov, Sergey"]
[Black "Shoboev, Dandar"]
[Result "1-0"]
[WhiteElo "2547"]
[BlackElo "2237"]
[Annotator "TA"]
[PlyCount "59"]
[EventDate "2018.09.11"]
[EventType "swiss"]
[EventCountry "RUS"]
[SourceTitle "playchess.com"]
[Source "ChessBase"]
[SourceQuality "1"]

{[%evp 19,59,16,16,0,18,0,23,0,30,18,23,25,14,0,51,44,62,65,68,63,118,95,102,91,100,81,102,106,126,135,158,64,62,63,141,143,348,353,341,356,647,638]} 1. d4 Nf6 2. c4 e6 3. Nc3 d5 4. Bg5 Nbd7 5. e3 c6 6. cxd5 exd5 7. Qc2 Bd6 8. Bd3 h6 9. Bh4 O-O 10. Nge2 Re8 {LiveBook: 31 Games} 11. a3 {D36: Queen's Gambit Declined: Exchange Variation: Main line (5 Bg5 c6 6 Qc2)} (11. g4 Nf8 12. h3 b5 13. Rg1 Ne6 14. f4 Bxf4 15. Bh7+ Kh8 16. exf4 Nxd4 17. Qd3 Nxe2 18. Nxe2 Qa5+ {0-1 (45) Mamedyarov,S (2809)-Kramnik,V (2800) Moscow 2018}) 11... a5 12. Rb1 Qe7 13. h3 $146 {White has an edge.} ({Predecessor:} 13. Bg3 Nb6 14. O-O Bg4 15. Bxd6 Qxd6 16. b4 Bxe2 17. Bxe2 axb4 18. axb4 Nbd7 19. b5 Ra5 20. Ra1 {½-½ (20) Gervais,C (2170)-Blanvillain,P (2170) France 2001}) 13... Nf8 14. O-O Be6 15. Na4 N8d7 16. Rfc1 g5 (16... b5 $11) 17. Bg3 $14 Nh5 18. Bxd6 Qxd6 19. Nc5 Ra7 (19... Nxc5 $14 20. dxc5 Qe5) 20. b4 axb4 21. axb4 Ng7 22. b5 {Black must now prevent b6.} Nxc5 23. dxc5 Qd8 24. Nd4 $36 {[%mdl 2048] White has strong initiative.} Bd7 25. b6 (25. bxc6 $16 bxc6 26. Rb6) 25... Ra8 $1 26. Ra1 Rxa1 (26... Rb8 $14) 27. Rxa1 $16 Qe7 $2 (27... Bc8 $16 28. Bh7+ Kh8) 28. Ra7 $18 Rb8 {[#]} 29. Ba6 $1 {[%cal Ra6b7]} Be8 $2 {[#]} (29... Ne6 30. Nf5 (30. Rxb7 Rxb7 31. Bxb7 Nxc5 $18) (30. Bxb7 Qxc5 31. Qxc5 Nxc5 $16) 30... Qxc5 31. Nxh6+ Kg7) 30. Bxb7 $1 {[%mdl 512] Precision: White = 41%, Black = 22%.} 1-0

[Event "40th Nezhmetdinov Memorial 2018"]
[Site "Kazan"]
[Date "2018.09.17"]
[Round "5"]
[White "Frolyanov, Dmitry"]
[Black "Markelova, Lubov"]
[Result "0-1"]
[WhiteElo "2532"]
[BlackElo "2169"]
[Annotator "TA"]
[PlyCount "84"]
[EventDate "2018.09.11"]
[EventType "swiss"]
[EventCountry "RUS"]
[SourceTitle "playchess.com"]
[Source "ChessBase"]
[SourceQuality "1"]

{[%evp 30,84,60,47,44,57,55,41,35,33,28,39,33,37,45,55,54,0,0,-29,0,-27,0,-78,0,0,0,-23,-21,-7,0,-2,0,0,59,4,1,23,148,162,149,120,206,-106,422,-312,-295,-322,-266,-243,-227,-687,-691,-2212,-2116,-5314,-5306]} 1. e4 e6 2. d4 d5 3. Nc3 Nf6 4. e5 Nfd7 5. f4 c5 6. Nf3 Nc6 7. Be3 Qb6 8. Na4 Qa5+ 9. c3 b6 {[%cal Bb7b6,Bb6b5,Bb5b4][%mdl 32]} 10. Bd2 c4 11. b4 Nxb4 {C11: French: Classical System: 4 e5 and 4 Bg5 dxe4} (11... Qa6 12. Nb2 b5 13. a3 Qb7 14. Be2 Be7 15. O-O a5 16. Qe1 O-O 17. Rc1 f5 18. Nd1 Nb6 19. Ne3 {0-1 (70) Vidit,S (2718)-Duda,J (2737) Danzhou 2018}) 12. cxb4 Bxb4 13. Qc2 Bxd2+ 14. Nxd2 b5 15. Nc3 b4 16. Nd1 {LiveBook: 10 Games} O-O 17. Be2 Qb6 18. Nf3 f6 19. Nf2 fxe5 20. fxe5 {[#]} Nb8 $146 21. O-O (21. Rd1 $5 {[%cal Rf3g5]}) 21... Nc6 22. Rad1 ({Much worse is} 22. Ng5 Rf5 $15) 22... Bd7 23. Qd2 ({Better is} 23. Nh3 $14) 23... a5 $11 24. h4 Ne7 25. h5 Nf5 26. Kh2 (26. Ng4 $11) 26... a4 (26... c3 $17 27. Qd3 Bc8) 27. Rb1 Rab8 28. a3 {[%cal Rb1b4]} b3 29. g4 Ne7 30. Nd1 Nc6 31. Nc3 Qa5 (31... Qa7 $11) 32. Kg3 ({White should play} 32. h6 $14) 32... Na7 {aiming for ...Nb5.} 33. Qe3 Nb5 (33... Qd8 $1 $11 {remains equal.}) 34. Nxb5 $16 Bxb5 {[#]} 35. h6 $1 {[%cal Rh6g7]} g6 (35... Qa7 $16) 36. Nh4 $2 ({Only move:} 36. Ng5 $18 c3 37. Bxb5 (37. Nxe6 c2 $17)) 36... c3 $2 {[%mdl 8192]} (36... Rxf1 $17 {keeps the pressure on.} 37. Rxf1 Qd8) 37. Bxb5 $4 {[%mdl 8192] [#]} (37. Qg5 $18 {and life is good for White. White wants to mate with Qe7.} Rxf1 38. Rxf1) 37... c2 $1 $19 38. Bd3 cxb1=Q ({Don't play} 38... cxb1=B 39. Rxb1 b2 40. Nf3 $19) 39. Rxb1 {intending Bxg6.} b2 40. Bc2 $2 (40. Nf3) 40... Rfc8 {Black is clearly winning.} 41. Bxg6 Rb3 (41... hxg6 $2 42. Qg5 $19) 42. Bd3 {[#]} Rxd3 $1 {[%mdl 512] Precision: White = 32%, Black = 58%.} 0-1

[Event "40th Nezhmetdinov Memorial 2018"]
[Site "Kazan"]
[Date "2018.09.17"]
[Round "5"]
[White "Iljiushenok, Ilia"]
[Black "Chigaev, Maksim"]
[Result "1-0"]
[WhiteElo "2532"]
[BlackElo "2593"]
[Annotator "TA"]
[PlyCount "95"]
[EventDate "2018.09.11"]
[EventType "swiss"]
[EventCountry "RUS"]
[SourceTitle "playchess.com"]
[Source "ChessBase"]
[SourceQuality "1"]

{[%evp 19,95,39,45,21,27,0,0,3,20,12,29,15,24,-12,16,22,31,29,33,14,20,-7,41,35,48,13,89,62,154,156,133,131,184,159,158,159,169,162,171,162,169,157,161,152,161,162,191,181,266,271,262,248,262,286,282,268,260,258,417,418,417,414,412,405,394,375,367,363,415,416,427,395,708,693,6168,6207,29980,29981]} 1. e4 c5 2. Nf3 e6 3. d4 cxd4 4. Nxd4 Nc6 5. Nc3 Qc7 6. Be3 a6 7. Qf3 {B48: Sicilian: Taimanov: 5 Nc3 Qc7 6 Be3 a6 without Be2} d6 (7... Nf6 8. O-O-O Ne5 9. Qg3 b5 10. a3 Bb7 11. Bxb5 Rc8 12. Ba4 Nxe4 13. Nxe4 Bxe4 14. Bf4 Qc4 15. Bxe5 Qxa4 {1-0 (38) Vachier Lagrave,M (2789)-Anand,V (2776) Karlsruhe/Baden-Baden 2018}) 8. Nxc6 bxc6 9. Qg3 Nf6 10. O-O-O Be7 {LiveBook: 3 Games} 11. Be2 O-O 12. Bh6 $146 {[%csl Gh6][%cal Rg3g7]} ({Predecessor:} 12. Kb1 Kh8 13. f4 Rb8 14. b3 c5 {½-½ (37) Ramsden,J (2045)-Peet,W (2131) ICCF email 2015}) 12... Ne8 13. h4 Kh8 14. Bg5 Rb8 15. Bxe7 Qxe7 16. f4 e5 (16... d5 $5) 17. Rd2 f6 18. Bc4 Qb7 19. b3 $36 {[%mdl 2048] White has some pressure.} Qb4 {Threatens to win with ...d5!} 20. fxe5 dxe5 21. Rhd1 Nc7 22. h5 (22. Rd8 $5 {[%cal Rd1d6]}) 22... Qa3+ 23. Kb1 Qe7 (23... Qb4 $14 24. h6 gxh6) 24. Rd6 $16 Nb5 25. Rxc6 Na3+ (25... Bb7 $16 26. Bxb5 axb5) 26. Kc1 {And now Nd5 would win.} Nxc4 27. Rxc4 ({Not} 27. bxc4 Qa3+ 28. Kd2 Rb7 $15) 27... Be6 28. Nd5 Qa3+ 29. Kb1 h6 30. Rc6 Bg8 31. Rc7 {[%csl Gc7][%cal Rg3g7]} Rf7 32. Qc3 Rd8 33. g4 {[%cal Bg2g4,Bg4f5][%mdl 32]} Rxc7 (33... Qf8 {was called for.} 34. Rc6 Rfd7) 34. Qxc7 $18 Qf8 {[#]} 35. Rd3 $1 Re8 36. Ne3 Bh7 37. Nf5 Bxf5 38. gxf5 {[%mdl 4096] Endgame KQR-KQR} ({Less strong is} 38. exf5 Qb4 $16) 38... Rc8 $2 (38... Qb4 39. Rd7 Rg8) 39. Qd6 Qf7 40. Qd7 Qf8 41. Rd6 Kh7 42. c4 a5 43. Kc2 a4 44. Kc3 axb3 45. axb3 Re8 $2 {[#]} (45... Ra8 46. Qc7 Ra7 47. Qxa7 Qxd6) 46. Rxf6 $1 {[%mdl 512]} Qa3 (46... Qxf6 47. Qxe8) 47. Qxe8 {Re6 would kill now.} Qa5+ 48. Kd3 {Precision: White = 71%, Black = 39%.} 1-0

[Event "40th Nezhmetdinov Memorial 2018"]
[Site "Kazan"]
[Date "2018.09.17"]
[Round "5"]
[White "Yudin, Sergei"]
[Black "Korneev, Oleg"]
[Result "1/2-1/2"]
[WhiteElo "2525"]
[BlackElo "2547"]
[Annotator "TA"]
[PlyCount "62"]
[EventDate "2018.09.11"]
[EventType "swiss"]
[EventCountry "RUS"]
[SourceTitle "playchess.com"]
[Source "ChessBase"]
[SourceQuality "1"]

{[%evp 17,62,31,31,0,0,0,16,18,20,0,0,-8,-13,-10,-1,-6,0,-11,-16,-14,-8,-22,0,0,0,0,0,0,0,0,0,0,0,0,0,0,0,0,0,0,0,0,0,0,0,0,0]} 1. e4 c5 2. Nf3 e6 3. g3 Nc6 4. Bg2 Nf6 5. Qe2 d6 6. O-O Be7 7. c3 O-O {C00: French: Unusual White 2nd moves} 8. d4 cxd4 9. cxd4 d5 {LiveBook: 51 Games. White is slightly better.} 10. exd5 (10. e5 $5 {[%cal Re5f6]} Ne4 11. Nbd2 $11) (10. e5 Ne4 11. Nc3 Nxc3 12. bxc3 Bd7 13. h4 Rc8 14. Ng5 h6 15. Nh3 {½-½ (62) Malakhov,V (2713)-Akopian,V (2675) Doha 2016}) 10... exd5 $146 {The position is equal.} ({Predecessor:} 10... Nxd5 11. Nc3 Nxc3 12. bxc3 Na5 13. Bf4 Bd7 14. Ne5 Rc8 15. Nxd7 Qxd7 {0-1 (37) Gely,Y (1918)-Degardin,S (2145) Avoine 2015}) 11. Nc3 Bg4 12. Be3 Qd7 13. Rac1 Ne4 14. Qc2 Nxc3 15. Qxc3 Rac8 16. Qd2 Rcd8 17. a3 Bf6 18. b4 a6 19. Rc5 Qf5 20. Ne1 {[#] Strongly threatening f3.} Bh3 21. Bxh3 Qxh3 22. b5 axb5 23. Rxb5 Qd7 24. Nc2 Nxd4 25. Nxd4 Bxd4 26. Bxd4 Qxb5 {[#]} 27. Bxg7 $1 {[%mdl 512]} Kxg7 28. Qg5+ Kh8 29. Qf6+ Kg8 30. Qg5+ Kh8 31. Qf6+ Kg8 {Precision: White = 66%, Black = 68%.} 1/2-1/2

[Event "40th Nezhmetdinov Memorial 2018"]
[Site "Kazan"]
[Date "2018.09.17"]
[Round "5"]
[White "Gabrielian, Artur"]
[Black "Lintchevski, Daniil"]
[Result "1-0"]
[WhiteElo "2503"]
[BlackElo "2519"]
[Annotator "TA"]
[PlyCount "97"]
[EventDate "2018.09.11"]
[EventType "swiss"]
[EventCountry "RUS"]
[SourceTitle "playchess.com"]
[Source "ChessBase"]
[SourceQuality "1"]

{[%evp 20,97,27,18,15,5,8,9,8,2,2,11,13,0,4,0,0,0,0,0,0,0,6,11,17,14,54,57,40,39,39,31,46,33,148,151,179,74,104,55,54,46,36,0,18,17,29,17,26,17,18,18,22,8,8,5,5,5,5,6,17,0,2,0,13,12,241,241,235,235,251,247,246,253,254,257,243,240,262,261]} 1. e4 e5 2. Nf3 Nf6 3. Nxe5 d6 4. Nf3 Nxe4 5. Qe2 Qe7 6. d3 Nf6 7. Bg5 Qxe2+ 8. Bxe2 Be7 9. Nc3 c6 10. O-O-O Na6 11. h3 Nc7 {C42: Petroff Defence: 3 Nxe5 and unusual White 3rd moves} 12. Rde1 (12. Rhe1) 12... Ne6 13. Bd2 Bd7 $146 {The position is equal.} ({Predecessor:} 13... O-O 14. d4 d5 15. Bd3 Re8 16. Nd1 Bd7 17. c3 c5 18. Be3 Rac8 19. Kb1 {½-½ (39) Wuestehube,H (1877)-Junker,C (1964) Hofheim 2017}) 14. Bd1 O-O-O 15. g4 Rde8 16. g5 Ng8 17. h4 h6 18. Ne4 hxg5 19. hxg5 Rxh1 20. Rxh1 f6 21. g6 Nf8 22. Nh4 {next Ng3 is good for White.} d5 23. Ng3 {Hoping for Nhf5.} Bc5 24. Nhf5 Ne7 25. Nxg7 Rd8 26. N3h5 Nexg6 (26... f5 $1 $14) 27. Nxf6 $16 Bxf2 28. Rf1 (28. Bg5 $1 $18 {and the rest is easy.}) 28... Bb6 29. Bg5 Bh3 30. Re1 Kb8 31. Ng4 Rc8 32. Rh1 Bxg4 33. Bxg4 Rc7 34. Nf5 {Black must now prevent Re1.} Ne6 35. Bd2 Ne5 36. Nd6 {Rh8+ would kill now.} Re7 37. Rh8+ Kc7 $132 {[%mdl 2048] Black is not keeping still} 38. Ne8+ Kd7 39. Nf6+ Kc7 40. Ne8+ Kd7 41. Nf6+ Kc7 42. Bh3 Nf3 $2 {[#]} (42... Bd4 $11 {and Black has nothing to worry.}) 43. Bxe6 $1 $18 {Intending Bf4+ and mate.} (43. Bb4 Bc5 $11) 43... Nxd2 {[#]} 44. Ne8+ $1 ({Weaker is} 44. Kxd2 Rxe6 45. Rh7+ Kd8 $11) 44... Kd8 45. Ng7+ $1 ({And not} 45. Kxd2 Rxe8 46. Rxe8+ Kxe8 $11) 45... Kc7 46. Rc8+ Kd6 47. Nf5+ Kxe6 48. Nxe7 Nf3 49. Ng6 {Precision: White = 46%, Black = 59%.} 1-0